About The Boy - Little Mix - All Lyrics - Statistics

General Stats
  • This quiz has been taken 28 times
    27 since last reset
  • The average score is 407 of 528
Answer Stats
Answer % Correct
A
100%
a
100%
about,
100%
about
100%
boy
100%
boy)
100%
Something
100%
something
100%
something,
100%
the
100%
The
100%
(The
100%
I
95%
Ah
90%
He
90%
I'm
90%
Just
90%
just
90%
to
90%
and
86%
And
86%
me
86%
me,
86%
my
86%
My
86%
on
86%
can't
81%
(Can't
81%
in
81%
it
81%
It's
81%
There's
81%
(There's
81%
he's
76%
He's
76%
like
76%
time
76%
you
76%
you)
76%
don't
71%
feeling
71%
good,
71%
good
71%
got
71%
Got
71%
is
71%
running
71%
around
67%
Baby,
67%
bad
67%
come
67%
I've
67%
know
67%
No
67%
no
67%
No,
67%
one
67%
out
67%
play
67%
stop
67%
stop)
67%
that
67%
but
62%
heart
62%
of
62%
oh,
62%
please
62%
Taking
62%
all
57%
are
57%
'cause
57%
down,
57%
down
57%
lovefool
57%
we
57%
won't
57%
you're
57%
done
52%
get,
52%
get
52%
if
52%
lost
52%
mind,
52%
mine
52%
self-control
52%
until
52%
up,
52%
what
52%
you've
52%
girl
48%
high
48%
need
48%
need,
48%
try,
48%
ain't
43%
choice
43%
first
43%
for
43%
let
43%
light
43%
lightning
43%
met,
43%
nobody
43%
playing
43%
right
43%
takes
43%
tell
43%
want
43%
gone
38%
mad
38%
now
38%
slow,
38%
thunder
38%
answer
33%
chance
33%
from
33%
head,
33%
heart's
33%
make
33%
poor
33%
undone
33%
finally
29%
locked
29%
stutter
29%
under
29%
wonder
29%
bet,
24%
colour
24%
help
24%
lucky
24%
number
24%
step,
24%
test,
24%
change
19%
found
19%
green
19%
grey
19%
guaranteed
19%
pulls
19%
red,
19%
verse
19%
words
19%
kiss
14%
only
14%
swag
14%
No matching quizzes found
Score Distribution
Percent of People with Each Score
Percentile by Number Answered
Your Score History
You have not taken this quiz since the last reset